00972 a2200193 4500003000500000005001700005040000900022082001500031100003400046245004300080260004400123300002400167505035800191600003400549650002500583942002400608999001900632952012700651Nust20230131141702.0 cNust a808.83,KEY aKeyses, Nial O'Malley9108260 aBlubber ship / cNial O'Malley Keyses, aGeorge G.Harrap & Co. LtdbBombayc1939 a275 pbillusc24 cm aEton Exit (Page-11), A Bad Smell (Page-34), Chaos and Confusion (Page-54), Trouble in Paradise (Page-76), Chown Time (Page-98), Bolling Blubber Ferzon Meat (Page-119), Whalers Waterloo (Page-142), All Quiet at San Clement (Page-166), Killer Boat (Page-185), Promoted Buson (Page-212), Outcasts (Page-232), The Savage returns to Civilizations (Page-253). aKeyses, Nial O'Malley9108260 aBlubber ship9108261 2ddccBKk808.83,KEY c186342d186342 00102ddc4070aMCSbMCScGENd2016-12-12o808.83,KEYpMCS29889r2016-12-08w2016-12-12yBKz Almirah No. 57, Shelf No. 1